Origen e historia de la Tierra / (Record no. 11614)

MARC details
000 -LEADER
campo de control de longitud fija 00731nam a2200241 i 4500
001 - NÚMERO DE CONTROL
campo de control 11614
003 - IDENTIFICADOR DE NÚMERO DE CONTROL
campo de control ES-MaACL
005 - FECHA Y HORA DE LA ÚLTIMA TRANSACCIÓN
campo de control 20230906150134.0
007 - CAMPO FIJO DE DESCRIPCIÓN FÍSICA--INFORMACIÓN GENERAL
campo de control de longitud fija t|
008 - DATOS DE LONGITUD FIJA--INFORMACIÓN GENERAL
campo de control de longitud fija 900824s1988 sp a ||||0| spa d ..|
015 ## - NÚMERO DE BIBLIOGRAFÍA NACIONAL
Número de bibliografía nacional 1990-JUN-11995
016 7# - NÚMERO DE CONTROL DE UNA AGENCIA BIBLIOGRÁFICA NACIONAL
Número de control cancelado/no válido SAB9000088105
020 ## - NÚMERO INTERNACIONAL ESTÁNDAR DEL LIBRO
Número Internacional Estándar del Libro 84-7207-052-2
040 ## - FUENTE DE CATALOGACIÓN
Centro catalogador/agencia de origen M-BN-DP
Lengua de catalogación spa
Centro/agencia transcriptor M-BN-DP
080 ## - NÚMERO DE LA CLASIFICACIÓN DECIMAL UNIVERSAL
Número de la Clasificación Decimal Universal 551.1
100 1# - ENTRADA PRINCIPAL--NOMBRE DE PERSONA
Nombre de persona Anguita Virella, Francisco.
9 (RLIN) 21773
245 10 - MENCIÓN DEL TÍTULO
Título Origen e historia de la Tierra /
Mención de responsabilidad, etc. Francisco Anguita Virella.
260 ## - PUBLICACIÓN, DISTRIBUCIÓN, ETC.
Lugar de publicación, distribución, etc. Madrid :
Nombre del editor, distribuidor, etc. Rueda,
Fecha de publicación, distribución, etc. D.L. 1988.
300 ## - DESCRIPCIÓN FÍSICA
Extensión XIV, 525 p., [1] h. pleg :
Otras características físicas il. col. y n ;
Dimensiones 24 cm.
504 ## - NOTA DE BIBLIOGRAFÍA, ETC.
Nota de bibliografía, etc. Bibliografía: p. 507-522.
651 ## - PUNTO DE ACCESO ADICIONAL DE MATERIA--NOMBRE GEOGRÁFICO
Nombre geográfico Tierra (Planeta)-
Subdivisión general Origen.
9 (RLIN) 17538
852 ## - LOCALIZACIÓN
Ubicación ES-MaACL
Número de control de estantería L-18975
Sublocalización o colección R.124995
Holdings
Estatus retirado Estado de pérdida Estado de daño No para préstamo Biblioteca de origen Biblioteca actual Ubicación en estantería Fecha de adquisición Fuente de adquisición Total de préstamos Signatura topográfica completa Código de barras Visto por última vez Precio de reemplazo Tipo de ítem Koha
        Biblioteca del Ateneo de Madrid Biblioteca del Ateneo de Madrid Depósito 2 17/01/2008     L-18975 1011838 23/02/2023 23/02/2023 Libro impreso